000 00219nam a2200097Ia 4500
005 20251222120855.0
008 251222s1900||||xx |||||||||||||| ||spa||
082 _aDVD0090/S57/2005
245 0 _aBenedicto XVI:
942 _cDVD
999 _c2386
_d2386